=LDR 00000nam 2200000 4500 =001 INLIS000000000009592 =005 20200812093902 =035 ##$$a 0010-061300000009592 =008 200812################g##########0#ind## =041 ##$$a Ind =082 ##$$a 2X9.8 =090 ##$$a 2x9.8, Sya p =100 ##$$a Syari'ati, Ali =245 1#$$a Para pemimpin mustadh'afin : $b Sejarah panjang perjuangan melawan penindasan dan kezaliman /$c Dr.Ali Syari'ati =260 ##$$a Bandung :$b Muthahhari Paperbacks,$c 2001 =300 ##$$a v, 107 hlm ; $c 20 x 14 cm =650 #4$$a Pemimpin - Tokoh Islam =850 ##$$a NBPNMAT =020 ##$$a 979-95564-2-2 =084 ##$$a 2X9.8 SYA p =990 ##$$a DW00026786 =990 ##$$a 171.353/pro.2002 =990 ##$$a 171.352/pro.2002